000 00675nam a2200241Ia 4500
003 OSt
005 20220918224332.0
006 a|||||r|||| 00| 0
007 ta
008 220917b |||||||| |||| 00| 0 eng d
024 _a227,851
037 _cTextual
040 _aARTS
_cARTS
_beng
041 _2eng
_aeng
082 _aV9392.N, N5(M.phil)
100 _aSahlins Marshall
_995925
245 0 _aHow natives think about Captain Cook, for example
260 _aChicago
_bThe Univ. of Chicago press
_c1995
300 _ax,318p
_ccm.
650 _aHISTORY
942 _hV9392.N, N5(M.phil)
_cTEXL
_2CC
999 _c280969
_d280969